Tintin Quiz (Cigars of the Pharaoh) - Statistics

General Stats
  • This quiz has been taken 18 times
  • The average score is 6 of 12
Answer Stats
Hint Answer % Correct
With what other person on the ship does the archaeologist collide? Roberto Rastapopoulos
75%
What's the name of the archaeologist that tintin meets on the ship? Dr. Sarcophagus
67%
What's Rastapopoulos doing in the desert? Filming a movie
58%
The drugs get smuggled in what? Cigars
50%
What's the name of the fictious pharaoh, whose tomb Tintin and the archaeologist search for? Kih-Oskh
50%
How's Rastapopoulos supposedly killed? Falling of a cliff
42%
What portuguese salesman tries to sell something to Tintin? Oliveira de Figueira
42%
What's the name of the poison that drives people insane? Rajaijah
42%
Who's kidnapped by the Fakir and Rastapopoulos? The son of the maharajah
42%
Why are Thomson and Thompson on the ship? To arrest Tintin
42%
For what do the soldiers in the city want to shoot Tintin? Spying
33%
Why does the archaeologist want to murder Tintin? He's hypnotized
25%
No matching quizzes found
Score Distribution
Percent of People with Each Score
Percentile by Number Answered
Your Score History
You have not taken this quiz